书目信息 |
| 题名: |
液化侧扩流场地桩基地震反应分析与抗震设计方法研究
|
|
| 作者: | 刘春辉 , 苏雷 著 | |
| 分册: | ||
| 出版信息: | 北京 中国建材工业出版社 2019.11 |
|
| 页数: | 176页 | |
| 开本: | 26cm | |
| 丛书名: | ||
| 单 册: | ||
| 中图分类: | TU352.104 , TU441 | |
| 科图分类: | ||
| 主题词: | 地基液化--di ji ye hua--桩基础--防震设计--研究 | |
| 电子资源: | ||
| ISBN: | 978-7-5160-2714-1 | |
| 000 | 01138nam0 2200253 450 | |
| 001 | 2073123763 | |
| 005 | 20201108201849.29 | |
| 010 | @a978-7-5160-2714-1@dCNY56.00 | |
| 100 | @a20200318d2019 em y0chiy50 ea | |
| 101 | 0 | @achi |
| 102 | @aCN@b110000 | |
| 105 | @aak a 000yy | |
| 200 | 1 | @a液化侧扩流场地桩基地震反应分析与抗震设计方法研究@Aye hua ce kuo liu chang di zhuang ji di zhen fan ying fen xi yu kang zhen she ji fang fa yan jiu@f刘春辉, 苏雷著 |
| 210 | @a北京@c中国建材工业出版社@d2019.11 | |
| 215 | @a176页@c图@d26cm | |
| 320 | @a有书目 (第167-176页) | |
| 330 | @a本书以强震下近岸水平液化侧扩流场地桩-土-上部结构体系为研究对象, 采用大型振动台试验、动力有限元计算与理论分析, 研究强震下近岸液化侧扩流场地桩基典型动力反应, 探讨地震过程中桩-土荷载传递规律, 分析桩-土-上部结构体系惯性荷载与运动荷载的相位关系, 基于文克尔地基梁模型发展液化侧扩流场地桩基抗震设计方法。 | |
| 606 | 0 | @a地基液化@Adi ji ye hua@x桩基础@x防震设计@x研究 |
| 690 | @aTU352.104@v5 | |
| 690 | @aTU441@v5 | |
| 701 | 0 | @a刘春辉@Aliu chun hui@4著 |
| 701 | 0 | @a苏雷@Asu lei@4著 |
| 801 | 0 | @aCN@b人天书店@c20201005 |
| 905 | @aZUCC@dTU352.104@eL592 | |
| 液化侧扩流场地桩基地震反应分析与抗震设计方法研究/刘春辉, 苏雷著.-北京:中国建材工业出版社,2019.11 |
| 176页:图;26cm |
| ISBN 978-7-5160-2714-1:CNY56.00 |
| 本书以强震下近岸水平液化侧扩流场地桩-土-上部结构体系为研究对象, 采用大型振动台试验、动力有限元计算与理论分析, 研究强震下近岸液化侧扩流场地桩基典型动力反应, 探讨地震过程中桩-土荷载传递规律, 分析桩-土-上部结构体系惯性荷载与运动荷载的相位关系, 基于文克尔地基梁模型发展液化侧扩流场地桩基抗震设计方法。 |
| ● |
| 相关链接 |
|
|
|
正题名:液化侧扩流场地桩基地震反应分析与抗震设计
索取号:TU352.104/L592
 
预约/预借
| 序号 | 登录号 | 条形码 | 馆藏地/架位号 | 状态 | 备注 |
| 1 | 1487284 | 214872841 | 建筑库101/101建筑库 82排4列4层/ [索取号:TU352.104/L592] | 在馆 | |
| 2 | 1487285 | 214872850 | 建筑库101/101建筑库 82排4列4层/ [索取号:TU352.104/L592] | 在馆 |